| 000 | 01633cam a2200385 a 4500 | ||
|---|---|---|---|
| 001 | 14735260 | ||
| 003 | OSt | ||
| 005 | 20210417101437.0 | ||
| 008 | 070215s2007 nyu b 001 0beng | ||
| 010 | _a 2007006634 | ||
| 020 | _a9781582345376 (alk. paper) | ||
| 020 | _a1582345376 (alk. paper) | ||
| 035 | _a(OCoLC)84838586 | ||
| 035 | _a(OCoLC)ocm84838586 | ||
| 040 |
_aDLC _cDLC _dBAKER _dBTCTA _dC#P _dYDXCP _dVP@ _dTBS _dDLC |
||
| 043 | _ae-au--- | ||
| 050 | 0 | 0 |
_aBF109.F74 _bE36 2007 |
| 080 |
_a92 _bE-24 |
||
| 082 | 0 | 0 |
_a150.19/52092 _aB _222 |
| 100 | 1 |
_aEdmundson, Mark, _d1952- |
|
| 245 | 1 | 4 |
_aThe death of Sigmund Freud : _bthe legacy of his last days / _cMark Edmundson. |
| 250 | _a1st U.S. ed. | ||
| 260 |
_aNew York : _bBloomsbury : _bDistributed to the trade by Holtzbrinck Publishers, _c2007. |
||
| 300 |
_a276 p. ; _c22 cm. |
||
| 504 | _aIncludes bibliographical references (p. 257-263) and index. | ||
| 600 | 1 | 0 |
_aFreud, Sigmund, _d1856-1939. |
| 650 | 0 |
_aPsychoanalysts _zAustria _vBiography. |
|
| 653 | _aფსქილოგია, ფისქოანალიზი, ბიოგრაფია | ||
| 856 | 4 | 2 |
_3Publisher description _uhttp://www.loc.gov/catdir/enhancements/fy0711/2007006634-d.html |
| 856 | 4 | 2 |
_3Contributor biographical information _uhttp://www.loc.gov/catdir/enhancements/fy0711/2007006634-b.html |
| 856 | 4 | 2 |
_3Book review (H-Net) _uhttp://www.h-net.org/reviews/showrev.php?id=30624 |
| 906 |
_a7 _bcbc _corignew _d1 _eecip _f20 _gy-gencatlg |
||
| 942 |
_2udc _cBK |
||
| 999 |
_c140 _d140 |
||